000 00452nam a2200181Ia 4500
001 9896
005 20260306161752.0
008 260306t2017||||xx |||||||||||||| ||spa||
041 _aESP
082 _a808.0461
_bR47 2017
100 _aReyes, Graciela
_eAUT
245 0 _aCómo escribir bien en español:
_bmanual de redacción
260 _c2017
300 _a340 páginas :
_c21 cm.
650 _aGEN
654 _aCHU
942 _cLIB
_dJUS
_fJUS
_2ddc
_n
999 _c9896
_d9896